000 00752nam a2200253Ia 4500
003 GCL
008 140319s9999 xx 000 0 ara d
040 _aGCL /
_cGCL
082 0 4 _a301.31
_bم ك
100 1 _aمجدى نصيف
245 1 0 _aكارثة العصر الانسان يدمر كوكبه /
_cمجدى نصيف
260 _a[S.N] :
_bدار سعاد الصباح ،
_c1992
300 _a271 ص
490 _aكتاب
_v0
650 0 4 _aالبيئة
650 0 4 _aتلوث البيئة
650 0 4 _aحماية البيئة
650 0 4 _aالبيئة والانسان
650 0 4 _aالاوزون
650 0 4 _aالغبار الذرى
650 0 4 _aالبيئة المائية
650 0 4 _aالنفايات
942 _2ddc
_cBK
999 _c29689
_d29689